LDR 00884naa#a2200205#i#450# 001 RU\\bibl\121272 005 20260502002645.6 011 ## _a1994-4683 100 ## _a20230803b2023####ek#y0rusy0150####ca 102 ## _aRU 200 1# _aФОРМИРОВАНИЕ СИЛОВЫХ ВОЗМОЖНОСТЕЙ У РАЗНЫХ КАТЕГОРИЙ СПОРТСМЕНОВ _eЖурнальная статья 210 1# _aМосква _cНациональный государственный Университет физической культуры, спорта и здоровья им. П.Ф. Лесгафта _d2023 215 ## _a4 с. 608 ## _aЖурнальная статья _2local 675 ## _aСила. 796.012.11 _z 700 #1 _aДоронцев _gА В 700 #1 _aКарпов _gВ Ю 700 #1 _aКомаров _gМ Н 700 #1 _aШевелева _gА Ю 856 4# _auchzapiski.lesgaft.spb.ru _u